00285nam a2200109 450000500170000002000180001708200170003508400250005224500510007726000370012830000100016520260504122002.0 a9789383101979 a572.8bRAS.T 2Colon Classification aTechniques in molecular biology /cRashmi Rana aJaipur :bAgrotech press,c2025. a272p.